| 000 | 00600nam a2200181 u 4500 | ||
|---|---|---|---|
| 001 | 000020347 | ||
| 005 | 20200929170357.0 | ||
| 008 | 100813s2015 dr r 000 0 spa d | ||
| 020 | _a9789945081978 | ||
| 040 |
_aDO-SdBNP _bspa _cBNPHU |
||
| 082 |
_axxxx _bxxxx |
||
| 100 | 1 |
_aFigueroa Encarnación, Honécimo, _d1964- _942996 |
|
| 245 | 1 | 0 |
_aDesarrollo de la Escolástica / _cHonécimo Figueroa Encarnación. |
| 260 |
_aSanto Domingo : _bAmigo del Hogar, _c2015. |
||
| 300 |
_a12 p. ; _c23 cm. |
||
| 500 | _aIncluye datos biográficos del autor en la contracubierta | ||
| 504 | _aBibliografía : p. 11 | ||
| 999 |
_c19851 _d19851 |
||